| 000 | 00905nam a2200265 i 4500 | ||
|---|---|---|---|
| 001 | 77362 | ||
| 003 | ES-MaACL | ||
| 005 | 20230906173159.0 | ||
| 007 | t| | ||
| 008 | 041008s1967 sp f |||| | spa d | ||
| 100 | 1 |
_aHadwen, John G. _961416 |
|
| 245 | 1 | 0 |
_aCómo decide la O.N.U. / _cJohn G. Hadwen y Johan Kaufmann ; prólogo de Paul G. Hoffman ; [traducción de Francisco Cádiz Deleito]. |
| 260 |
_aMadrid : _bInstituto de Estudios Políticos, _c1967. |
||
| 300 |
_a357 p., 1 lám. ; _c22 cm. |
||
| 490 | 1 | _aEstudios internacionales | |
| 610 | 2 | 4 |
_aNaciones Unidas. _95955 |
| 650 | 4 |
_aAyuda económica. _9137664 |
|
| 650 | 4 |
_aDesarrollo económico. _9153584 |
|
| 700 | 1 |
_aKaufmann, Johan. _967655 |
|
| 700 | 1 |
_aCádiz Deleito, Francisco. _933400 |
|
| 700 | 1 |
_aHoffman, Paul G. _963947 |
|
| 830 | 0 |
_aEstudios internacionales _9183548 |
|
| 852 |
_aES-MaACL _jC-33608 |
||
| 999 |
_c77362 _d77362 |
||